| 000 | nam a22 7a 4500 | ||
|---|---|---|---|
| 999 |
_c234968 _d234968 |
||
| 003 | Nust | ||
| 005 | 20170403175052.0 | ||
| 008 | 170403b xxu||||| |||| 00| 0 eng d | ||
| 020 | _a81-206-0530-6 | ||
| 040 | _cDLC | ||
| 082 |
_a954 _bBAR |
||
| 245 |
_aAntiquities of Indi : _bAn account of the history and culture of ancient Hindustan |
||
| 260 |
_aLondon _bJ.Jetley _c1994 |
||
| 300 |
_axvi-, 306p. : _c23cm |
||
| 942 |
_2ddc _cBK |
||